00695nam a2200241 a 4500001001300000003000900013005001700022008004100039020000900080082001900089100001700108245001800125260004300143300000900186500003500195505003100230650002500261700001700286902000800303942000700311952011800318999001700436nice12345678IN_TiNIC20260116013546.0050524s1987 newa grp 000 0 hin  ac6000a909.04297bLEV aLevey, Ruben aIslami Samaj. aNew DelhibTaraqqi-E-urdu Beuro c1987 a701p aincludes index and biblioraphy2 aGeneral Index of reference aCivilization-Islamic1 aLevey, Ruben bSRS cBK 001040708StackRoom-aHMIbHMId2007-06-05g60.00l0o909.04297 LEVp019814r2007-06-05v60.00w2005-05-24yBK c11464d11464